000 00597nam a22001937a 4500
999 _c177070
_d177070
005 20210208111739.0
010 _aB-736849
020 _c9780330509688
_a350.00
035 _aB-736849
037 _bGift/Eng/03-02-2021
082 _a823.914
100 _aArcher, Jeffrey
245 _aKane and abel /
_cby Jeffrey Archer
260 _aLondon
_bPan Books
_c2009
270 _bLondon
_a20 New Wharf Road
300 _a544p.
_c20cm(pbk)
942 _adpl
_cEN
_2ddc
_h823.914
_mARC